Beginning ethical hacking with Python / (Record no. 222750)
[ view plain ]
| 000 -LEADER | |
|---|---|
| fixed length control field | 01635nam a22004455i 4500 |
| 001 - CONTROL NUMBER | |
| control field | ssj0001762266 |
| 003 - CONTROL NUMBER IDENTIFIER | |
| control field | WaSeSS |
| 005 - DATE AND TIME OF LATEST TRANSACTION | |
| control field | 20251112115210.0 |
| 006 - FIXED-LENGTH DATA ELEMENTS--ADDITIONAL MATERIAL CHARACTERISTICS | |
| fixed length control field | m d |
| 007 - PHYSICAL DESCRIPTION FIXED FIELD--GENERAL INFORMATION | |
| fixed length control field | cr n |
| 008 - FIXED-LENGTH DATA ELEMENTS--GENERAL INFORMATION | |
| fixed length control field | 161226s2017 xxu| o |||| 0|eng d |
| 020 ## - INTERNATIONAL STANDARD BOOK NUMBER | |
| International Standard Book Number | 9781484225417 |
| 024 7# - OTHER STANDARD IDENTIFIER | |
| Standard number or code | 10.1007/978-1-4842-2541-7 |
| Source of number or code | doi |
| 040 ## - CATALOGING SOURCE | |
| Modifying agency | WaSeSS |
| Transcribing agency | AIMIT LIBRARY |
| 082 ## - DEWEY DECIMAL CLASSIFICATION NUMBER | |
| Edition number | 1 |
| Classification number | 005.8 |
| Item number | SINS |
| 092 ## - LOCALLY ASSIGNED DEWEY CALL NUMBER (OCLC) | |
| Classification number | EBOOK |
| 999 ## - SYSTEM CONTROL NUMBERS (KOHA) | |
| Koha Dewey Subclass [OBSOLETE] | 03645135 |
| 100 1# - MAIN ENTRY--PERSONAL NAME | |
| Personal name | Sinha, Sanjib |
| 9 (RLIN) | 33080 |
| 245 10 - TITLE STATEMENT | |
| Title | Beginning ethical hacking with Python / |
| Statement of responsibility, etc. | By Sanjib Sinha. |
| 250 ## - EDITION STATEMENT | |
| Edition statement | 1st ed. |
| 260 ## - PUBLICATION, DISTRIBUTION, ETC. | |
| Place of publication, distribution, etc. | Berkeley, CA : |
| Name of publisher, distributor, etc. | Apress , |
| Date of publication, distribution, etc. | 2017. |
| 300 ## - PHYSICAL DESCRIPTION | |
| Extent | xix, 201 p. ; |
| Dimensions | 23.5 cm. |
| 347 ## - DIGITAL FILE CHARACTERISTICS | |
| File type | text file |
| Encoding format | |
| Source | rda |
| 506 ## - RESTRICTIONS ON ACCESS NOTE | |
| Terms governing access | Requires an SPL library card. |
| 520 ## - SUMMARY, ETC. | |
| Summary, etc. | L |
| 538 ## - SYSTEM DETAILS NOTE | |
| System details note | Mode of access: World Wide Web. |
| 650 #0 - SUBJECT ADDED ENTRY--TOPICAL TERM | |
| Topical term or geographic name entry element | Installing kali linux and other operating systems on vb |
| 9 (RLIN) | 33081 |
| 650 #0 - SUBJECT ADDED ENTRY--TOPICAL TERM | |
| Topical term or geographic name entry element | Legal side of hacking |
| 9 (RLIN) | 33082 |
| 650 #0 - SUBJECT ADDED ENTRY--TOPICAL TERM | |
| Topical term or geographic name entry element | Python environment |
| 9 (RLIN) | 245160 |
| 650 #0 - SUBJECT ADDED ENTRY--TOPICAL TERM | |
| Topical term or geographic name entry element | Dark web and tor |
| 9 (RLIN) | 245161 |
| 655 #7 - INDEX TERM--GENRE/FORM | |
| Genre/form data or focus term | Electronic books. |
| Source of term | local |
| 9 (RLIN) | 33083 |
| 710 2# - ADDED ENTRY--CORPORATE NAME | |
| Corporate name or jurisdiction name as entry element | SpringerLink (Online service) |
| 9 (RLIN) | 33084 |
| 710 2# - ADDED ENTRY--CORPORATE NAME | |
| Corporate name or jurisdiction name as entry element | O'Reilly (Firm) |
| 9 (RLIN) | 33085 |
| 710 20 - ADDED ENTRY--CORPORATE NAME | |
| Corporate name or jurisdiction name as entry element | Serials Solutions |
| 9 (RLIN) | 33086 |
| 773 0# - HOST ITEM ENTRY | |
| Title | Springer eBooks |
| 776 08 - ADDITIONAL PHYSICAL FORM ENTRY | |
| Relationship information | Printed edition: |
| International Standard Book Number | 9781484225400 |
| 856 40 - ELECTRONIC LOCATION AND ACCESS | |
| Link text | View this electronic item in O'Reilly Online Learning: Academic/Public Library Edition. |
| Uniform Resource Identifier | <a href="https://ezproxy.spl.org/login?url=https://learning.oreilly.com/library/view/~/9781484225417/?ar">https://ezproxy.spl.org/login?url=https://learning.oreilly.com/library/view/~/9781484225417/?ar</a> |
| Public note | An e-book available through full-text database. |
| 942 ## - ADDED ENTRY ELEMENTS (KOHA) | |
| Source of classification or shelving scheme | Dewey Decimal Classification |
| Koha item type | Book |
| Edition | 1st |
| Call number prefix | 005.8 SINS |
| Withdrawn status | Lost status | Source of classification or shelving scheme | Damaged status | Not for loan | Collection code | Home library | Current library | Date acquired | Source of acquisition | Cost, normal purchase price | Inventory number | Total Checkouts | Full call number | Barcode | Date last seen | Cost, replacement price | Price effective from | Koha item type |
|---|---|---|---|---|---|---|---|---|---|---|---|---|---|---|---|---|---|---|
| Dewey Decimal Classification | MCA | St Aloysius Institute of Management & Information Technology | St Aloysius Institute of Management & Information Technology | 03/24/2022 | Biblios Book Point | 649.00 | Bill no:6623; Bill dt:2022-03-23 | 005.8 SINS | MCA17036 | 05/23/2026 | 519.20 | 05/02/2022 | Book |